| 000 | 00483 a2200157 4500 | ||
|---|---|---|---|
| 999 |
_c6142 _d6142 |
||
| 020 | _a1855737450 | ||
| 050 | _aTT507FAN2004 | ||
| 100 |
_aFan, J _eauthor |
||
| 245 |
_aClothing appearance and fit: _bScience and technology / _cJ. Fan, W.Yu and L. Hunter |
||
| 264 |
_aCambridge : _bTextile Institute ; Roca Raton, Fla. : CRC, _c2004 |
||
| 300 | _a239p. : | ||
| 500 | _aincludes index | ||
| 650 | _a Clothing and dress. | ||
| 650 | _aCostume design. | ||
| 942 |
_2lcc _cBK _h507 _iFAN _kTT |
||